Central Library OPAC University of Rajshahi

Historical change / (Record no. 35592)

MARC details
000 -LEADER
fixed length control field 00775nam a22002532a 4500
001 - CONTROL NUMBER
control field 35592
003 - CONTROL NUMBER IDENTIFIER
rucl marc code BD-RjUL
005 - DATE AND TIME OF LATEST TRANSACTION
control field 20211209052341.0
008 - FIXED-LENGTH DATA ELEMENTS--GENERAL INFORMATION
fixed length control field 140528s1946 enk 000 0 eng d
035 ## - SYSTEM CONTROL NUMBER
System control number OCLC ocm25398334 from D950725M
-- (BD-RjUL)35687
040 ## - CATALOGING SOURCE
Original cataloging agency PAU
Transcribing agency PAU
Modifying agency WSU
-- SER
-- BD-RjUL
082 ## - DEWEY DECIMAL CLASSIFICATION NUMBER
Classification number 901
Author mark and year EIH 1946
100 1# - MAIN ENTRY--PERSONAL NAME
Personal name Einstein, Lewis
Dates associated with a name 1877-1967.
9 (RLIN) 108376
245 10 - TITLE STATEMENT
Title Historical change /
Statement of responsibility, etc. by Lewis Einstein
260 ## - PUBLICATION, DISTRIBUTION, ETC. (IMPRINT)
Place of publication, distribution, etc. Cambridge :
Name of publisher, distributor, etc. Cambridge University Press,
Date of publication, distribution, etc. 1946.
300 ## - PHYSICAL DESCRIPTION
Pagination 132 p. ;
Size 18 cm
490 1# - SERIES STATEMENT
Series statement Current problems ;
Volume/sequential designation 27
650 #0 - SUBJECT ADDED ENTRY--TOPICAL TERM
Topical term or geographic name as entry element History
General subdivision Philosophy
9 (RLIN) 108377
Topical term or geographic name as entry element Change
9 (RLIN) 108378
830 #0 - SERIES ADDED ENTRY--UNIFORM TITLE
Volume number/sequential designation 27.
Uniform title Current problems (Cambridge (England)) ;
942 ## - ADDED ENTRY ELEMENTS (KOHA)
Source of classification or shelving scheme Dewey Decimal Classification
Koha item type Books
Holdings
Lost status Source of classification or shelving scheme Damaged status Not for loan Collection code Permanent Location Current Location Shelving location Date acquired Source of acquisition Cost, normal purchase price Total Checkouts Full call number Date last seen Copy number Koha item type
  Dewey Decimal Classification   Not For Loan Non-fiction Central Library, University of Rajshahi Central Library, University of Rajshahi Reading Room 30/11/1957 Park. American Communicate 4.00   901 EIH 1946 28/05/2014 C-1 Books